000 00482nam a2200169Ia 4500
003 GCL
008 140319s9999 xx 000 0 eng d
040 _aGCL /
_cGCL
082 0 4 _a745.44
_bR E
100 1 _aRUMANIAN INSTITUTE FOR CULTURAL
245 1 0 _aFOLK ART IN RUMANIA /
_cRUMANIAN INSTITUTE FOR CULTURAL
260 _a[S.N] :
_bPUBLISHING HOUSE OF THE RUMANIAN INSTITA ،
_c1955
650 0 4 _aRUMANIA
650 0 4 _aFOLK - ART
650 0 4 _aARTS, RUMANIA
942 _2ddc
_cBK
999 _c19449
_d19449